| 000 | 00632nam a22002650a 4500 | ||
|---|---|---|---|
| 001 | UByD001523 | ||
| 003 | AR-LpoUNG | ||
| 005 | 20230527002337.0 | ||
| 008 | 230526s2007||||ag |||||||||||||||||spa d | ||
| 040 |
_aAR-LpoUNG _bspa _cAR-LpoUNG _eaacr |
||
| 041 | _aspa | ||
| 044 | _aag | ||
| 082 | 0 | _aA861 83tie | |
| 100 | 1 | _aEtimos, Vanesa | |
| 245 | 1 | 0 | _aTierra infinita |
| 250 | _a1ra. ed. | ||
| 260 |
_aBuenos Aires : _bLibros de Tierra Firme, _c2007. |
||
| 300 | _a80 p. | ||
| 650 | 4 | _aARGENTINA | |
| 650 | 4 | _aLITERATURA | |
| 650 | 4 | _aPOESIA | |
| 653 | _aLITERATURA ARGENTINA | ||
| 905 | _a55265 | ||
| 942 |
_cLIB _2ddc |
||
| 999 |
_c64033 _d64033 |
||